| 000 | 01199cam a2200145 4500500 | ||
|---|---|---|---|
| 005 | 20260329023206.0 | ||
| 041 | _afre | ||
| 042 | _adc | ||
| 100 | 1 | 0 |
_aEl Kenz, David _eauthor |
| 700 | 1 | 0 |
_aGantet, Claire _eauthor |
| 245 | 0 | 0 | _aGuerres et paix de religion en Europe : XVIe -XVIIe siècles |
| 260 |
_bArmand Colin,
_c2008. |
||
| 520 | _aComprendre et analyser les crises religieuses qui embrasent l’Europe des XVIe et XVIIe siècle, tel est l’objet de cet ouvrage qui offre une synthèse sans équivalent sur les troubles confessionnels et les tentatives de pacification. S’appuyant sur une historiographie internationale, il décrit les particularités de chaque conflit et met en lumière le long cheminement des Etats vers une paix religieuse durable, à l’intérieur comme à l’extérieur.Cette longue période de troubles voit surgir, contre vents et marées, de nouvelles organisations politiques au sein desquelles s’imposera finalement, au nom du bien public, une certaine de tolérance religieuse et les prémices de la laïcisation. | ||
| 856 | 4 | 1 | _uhttps://shs.cairn.info/guerres-et-paix-de-religion-en-europe--9782200355043?lang=fr&redirect-ssocas=7080 |
| 999 |
_c1925366 _d1925366 |
||